Inspección secundaria : [Primera Persona: Ella, La Libertad: ciudad de paso, Escribo desde aquí] /

-д хадгалсан:
Номзүйн дэлгэрэнгүй
Үндсэн зохиолч: Pimienta, Omar (autor)
Формат: Ном
Хэл сонгох:испани
Хэвлэсэн: Monterrey, México : México : Atrasalante ; Secretaría de Cultura, 2017, c2017
Цуврал:(Atrasalante. Poesía ; 14)
Нөхцлүүд:
Шошгууд: Шошго нэмэх
Шошго байхгүй, Энэхүү баримтыг шошголох эхний хүн болох!

MARC

LEADER 00000nam^a2200000^a^4500
001 000588854
005 20250521000000.0
009 20260310132838.157
020 |a 978-607-9471-13-2 
037 |a Acervo ITESO - Biblioteca 
041 |a ESP 
082 |a 861.  |b PIM 
100 |a Pimienta, Omar  |e (autor) 
245 1 0 |a Inspección secundaria :  |b [Primera Persona: Ella, La Libertad: ciudad de paso, Escribo desde aquí] /  |c O. Pimienta. 
264 4 |a Monterrey, México :  |b Atrasalante ;  |a México :  |b Secretaría de Cultura,  |c 2017, c2017 
300 |a 174 p. 
336 |a texto  |b txt  |2 rdacontenido 
337 |a sin mediación  |b n  |2 rdamedio 
338 |a volumen  |b nc  |2 rdasoporte 
440 1 |a (Atrasalante.  |p Poesía ;  |v 14) 
649 |a XX 
650 |a Poesía Mexicana 
650 |a Literatura Mexicana -  |y Siglo XXI 
740 0 |a Primera Persona :  |b Ella /  |c O. Pimienta. 
740 3 |a La Libertad :  |b ciudad de paso /  |c O. Pimienta. 
740 0 |a Escribo desde aquí /  |c O. Pimienta. 
910 |a Fondo General 
920 |a Impresos - Libros 
930 |a Colección General 
940 |a Literatura 
905 |a 101 
901 |a 0500338287  |b IT1  |c LIT  |i C187177  |u 20250521 
902 |a https://opac.biblio.iteso.mx/vufind/Record/000588854